東京都知事選挙2024 立候補者 - Statistics

General Stats
  • This quiz has been taken 95 times
  • The average score is 9 of 56
Answer Stats
立候補者氏名 党派 % Correct
小池ゆりこ 無所属
95%
石丸伸二 無所属
85%
蓮舫 無所属
79%
石丸幸人 石丸幸人党
60%
ゴトウテルキ ラブ&ピース党
56%
田母神としお 無所属
45%
桜井誠 日本第一党
40%
清水国明 清水国明と東京都の安全な未来をつくる会
40%
河合ゆうすけ ジョーカー議員と投票率を上げる会
35%
安野たかひろ 無所属
34%
内野愛里 カワイイ私の政見放送を見てね
34%
アキノリ将軍未満 ネオ幕府アキノリ党
33%
黒川あつひこ つばさの党
31%
ドクター・中松 無所属
28%
AIメイヤー AI党
28%
ひまそらあかね 無所属
28%
うつみさとる 市民がつくる政治の会
15%
横山緑 NHKから国民を守る党
14%
桑島康文 核融合党
9%
木宮みつき 未来党
8%
竹本秀之 無所属
6%
ホカリジン 無所属
6%
福永かつや NHKから国民を守る党
5%
小林弘 無所属
5%
さわしげみ 無所属
4%
大和行男 無所属
4%
ないとうひさお 無所属
4%
加藤英明 NHKから国民を守る党
4%
ふくはらしるび NHKから国民を守る党
4%
加藤健一郎 無所属
4%
野間口翔 無所属
3%
小野寺こうき 忠臣蔵義士新党
3%
遠藤信一 NHKから国民を守る党
3%
上楽むねゆき NHKから国民を守る党
3%
中江ともや NHKから国民を守る党
3%
草尾あつし NHKから国民を守る党
3%
うしくぼのぶお 無所属
3%
しんどう伸夫 お金をみんなへ シン独立党
1%
桑原まりこ プリベントメディカル久米慶被害者の会及び創価学会撲滅党
1%
福本繁幸 無所属
1%
小松けん ゴルフ党
1%
二宮大造 NHKから国民を守る党
1%
ふなはしゆめと NHKから国民を守る党
1%
山田信一 NHKから国民を守る党
1%
津村大作 NHKから国民を守る党
1%
前田太一 NHKから国民を守る党
1%
みなみ俊輔 NHKから国民を守る党
1%
木村よしたか NHKから国民を守る党
1%
三輪陽一 NHKから国民を守る党
1%
向後真徳 無所属
1%
古田真 土頭を働かし最高裁裁判官5人を弾劾する党 身体から地頭へ人の増える会
1%
尾関あゆみ ポーカー党
0%
かがたたくじ 覇王党
0%
犬伏宏明 NHKから国民を守る党
0%
武内隆 NHKから国民を守る党
0%
松尾芳治 NHKから国民を守る党
0%
No matching quizzes found
Score Distribution
Percent of People with Each Score
Percentile by Number Answered
Your Score History
You have not taken this quiz